LEADER 01062nam0-22003611i-450- 001 990006521280403321 005 20071213093003.0 035 $a000652128 035 $aFED01000652128 035 $a(Aleph)000652128FED01 035 $a000652128 100 $a20010426d1986----km-y0itay50------ba 101 0 $aita 102 $aIT 105 $aF-------001cy 200 1 $aNelle maglie della politica$efemminismo istituzioni e politiche sociali nella Italia degli anni '70$fYasmine Ergas 210 $aMilano$cAngeli$d©1986 215 $a139 p.$a[8] c. di pag.$d22 cm 225 1 $aGRIFF$v7 320 $aContiene riferimenti bibl. (127-139) 610 0 $aFemminismo$aItalia 676 $a305.4$v21$zita 676 $a305.420945$v21$zita 700 1$aErgas,$bYasmine$0245582 801 0$aIT$bUNINA$gRICA$2UNIMARC 901 $aBK 912 $a990006521280403321 952 $aCOLLEZ. 1060 (7)$b4142$fFSPBC 952 $a305.42 ERG 1$b2904$fBFS 959 $aFSPBC 959 $aBFS 996 $aNelle maglie della politica$9620646 997 $aUNINA LEADER 00793nam0 22002651i 450 001 990006139910403321 005 19980601 035 $a000613991 035 $aFED01000613991 035 $a(Aleph)000613991FED01 035 $a000613991 100 $a19980601g19759999km-y0itay50------ba 105 $a--------00-yy 200 1 $aATLANTIC Series$ea collection of Studies on subjects related to the North Atlantic Treaty Organization. 210 $aLeyden$cA.W. Sijthoff$d1975- 215 $av.$d24 cm 676 $a341.72 801 0$aIT$bUNINA$gRICA$2UNIMARC 901 $aBK 912 $a990006139910403321 951 $aX Q 200$bv.schedone$eBiblioteca Centrale della Facoltą di Giurisprudenza$fFGBC 959 $aFGBC 996 $aATLANTIC Series$9642860 997 $aUNINA DB $aGIU01